000
00249nam a2200109Ia 4500
008
190216s9999||||xx |||||||||||||| ||und||
100
_a
Irving Kaplan
245
0
_a
Nuclear Bhouthikam
260
_b
Bhasha Institute
650
_a
Physics
942
_c
BK
999
_c
38412
_d
38412